000 00545nam a2200181Ia 4500
005 20250508151848.0
008 008 250505s9999 xx 000 0 eng d
037 _aReference
040 _aFEDL
_beng
_cFEDL
041 _aeng
_2eng
084 _a155.28, BEL
_qFEDL
100 _aBellak Leopold
245 0 _aThematic apperception test and the children's apperception test in clinical use
260 _aNew York, USA
_bGrune and Stratton
_c1954
300 _ax,282p.
942 _cREF
_h155.28, BEL
999 _c1332563
_d1332563